| 000 | 00349cam a22001217a 4500 | ||
|---|---|---|---|
| 008 | 180718b-- xxu||||| |||| 00| 0 eng d | ||
| 082 | _aA45:K12 | ||
| 100 | _aUnion Public Service Commission | ||
| 245 | _aAnnual report | ||
| 260 |
_aNew Delhi _bThe author _c-- |
||
| 500 | _aLibrary has 1984/85-1987/88,1991/92-1992/93 | ||
| 650 | _aCivil service - India | ||
| 999 |
_c502493 _d502493 |
||